Les 103 titres de Roger Federer - Statistiques

Statistiques générales
  • Ce quiz a été pris 289 fois
  • Le résultat moyen est 16 sur 31
Statistiques - réponses
Années Tournois % Correct
20032004 2005 2006 2007 2009 2012 2017 Wimbledon
99%
20042005 2006 2007 2008 US Open
98%
2009 Roland-Garros
96%
20042006 2007 2010 2017 2018 Open d’Australie
91%
20062009 2012 Madrid
83%
20062007 2008 2010 2011 2014 2015 2017 2018 2019 Bâle
76%
20042005 2006 2012 2017 Indian Wells
75%
20052006 2017 2019 Miami
72%
20032004 2005 2006 2008 2013 2014 2015 2017 2019 Halle
67%
20142017 Shanghai
67%
20052007 2009 2010 2012 2014 2015 Cincinnati
61%
20032004 2005 2007 2012 2014 2015 2019 Dubaï
54%
2011 Paris-Bercy
54%
20022004 2005 2007 Hambourg
49%
2006 Tokyo
47%
20052006 2011 Doha
45%
2001 Milan
44%
20052012 2018 Rotterdam
43%
2003 Marseille
42%
2018 Stuttgart
35%
2015 Brisbane
33%
2002 Sydney
33%
20022003 Vienne
33%
20042006 Canada
32%
20032004 2006 2007 2010 2011 ATP Finals
31%
2003 Munich
28%
2010 Stockholm
26%
2004 Gstaad
22%
2015 Istanbul
21%
2008 Estoril
19%
20042005 Bangkok
13%
Aucun quiz correspondant
Distribution des résultats
% des personnes avec chaque résultat
Percentile par nombre de réponses
Votre historique - résultats
Vous n’avez pas pris ce quiz